000 00247nam a22001097a 4500
041 _aENG
245 _aMonograph On Question Banikg For Universities
260 _aDelhi
_bAssociation OF INDIAN
_c1996
300 _a107
650 _a48
856 _u48
999 _c3140
_d3140